01237nac a22003497a 4500001001000000003000900010005001700019008003400036040005400070072001800124090001800142110008600160245008400246260003600330300001000366490009300376650002000469650001200489650002300501650002300524650002200547650001500569650001500584650001800599650001200617650001500629650001600644909004700660942001700707999001900724952014400743BR8005536BR-BrBNA20240105114803.0230509b bl.|||m| |||| 00| 0 por d aBR-BrBNAbporcBiblioteca Nacional de Agricultura aE70; E10; P05 aE70 BR80055361 aMinisterio das Relacoes Exteriores, Brasilia, DF (Brasil). Depto. Economico970881 aReservado no. 28, novembro de 1980 [Ministerio das Relacoes Exteriores, Brasil]3 aBrasilia, DF (Brasil): c1980.  a37 p. aResenha Mensal - Ministerio das Relacoes Exteriores. Depto. Economico (Brazil)vno. 28x aRECURSO NATURAL aMINERAL aRECURSO ENERGETICO aPOLITICA COMERCIAL aCOMERCIO EXTERIOR aIMPORTACAO aEXPORTACAO aFINANCIAMENTO aCREDITO aTRANSPORTE aCOMUNICACAO a202312bLúcia Elandec55dLúcia Elande 2AGRISn0cMS c271286d271286 002AGRIS40708Acervo Gerala41918b41918cAGROBASEl0oE70 BR8005536pE70 BR8005536r2023-12-18yMSePortaria Interministerial nº 164/94